000
00287nam a2200109Ia 4500
008
190216s9999||||xx |||||||||||||| ||und||
100
_a
Ghosh P.K
245
0
_a
Business Policy Strategic Planning And Management
260
_b
Tata Mcgrawhill Publishers
_c
1999
300
_a
542p
942
_c
BK
999
_c
5989
_d
5989